00357nam a2200133Ia 4500008004100000041000800041082001500049100001600064245004200080250001400122260004500136300003100181365001100212240624s9999 xx 000 0 und d aeng a302.35 PAR aPAREEK UDAI aUNDERSTANDING OGANIZATIONAL BEHAVIOUR a(2nd ed.) c2008aNew DelhibOxford University press axvi, : 798 : p. : cm. ; 23 cRSb30